000 00665nam a2200277Ia 4500
005 20260324120833.0
008 008 260324s9999 xx 000 0 eng d
020 _a9781315549811
037 _aEBOOK
040 _aCRL
040 _beng
040 _cCRL
041 _2eng
041 _aeng
084 _qCRL
100 _aEric Nicholson; Robert Henke
_91160166
245 0 _aTransnational Mobilities in Early Modern Theater
260 _bTaylor and Francis
260 _c2014
365 _a
365 _b230
856 _uhttp://www.taylorfrancis.com/books/9781315549811
942 _cEBOOK
999 _c1751895
_d1751895